| 000 | 01000nam a2200301Ia 4500 | ||
|---|---|---|---|
| 001 | 1459 | ||
| 003 | IT-RoPAU | ||
| 008 | 130308s9999 xx 000 0 und d | ||
| 040 | _aIT-RoPAU | ||
| 040 | _cIT-RoPAU | ||
| 041 | _aITALIANO | ||
| 100 | _aPriulla Cazzola Grazia | ||
| 100 | _gCodice Aut. SPICS: 2322 | ||
| 245 | _aBibliografia delle comunicazioni di massa | ||
| 245 | _bBibliografia delle comunicazioni di Massa | ||
| 250 | _a1a ed. | ||
| 260 | _aASSISI | ||
| 260 | _bCarucci | ||
| 260 | _c1970 [1° Ed.:1970 - Ed.Ling.Originale:1970] | ||
| 300 | _a"142 p. (prefazione: no ; testo: 142)" | ||
| 500 | _aBibliografia dei Mass Media in Generale Sulla Stampa Radio Televisione Cinema Sui Problemi Collegati Ai Mass Media Problmi dell'informazione Analisi del Contenuto Pubblica Opinione e Comportamento collettivo PubblicitĂ e Propaganda | ||
| 650 | _aBIBLIOGRAFIA | ||
| 650 | _eCodice materia Spics: 2001 | ||
| 942 | _cBK | ||
| 957 | _71 | ||
| 999 |
_c65189 _d65189 |
||
| 999 | _bSI | ||
| 999 | _g1 | ||